[Event "SVK-ch U14"]
[Site "Tatralandia"]
[Date "2025.05.18"]
[Round "9"]
[White "Dubjel, Gregor"]
[Black "Brcak, Peter"]
[Result "0-1"]
[WhiteElo "1474"]
[BlackElo "1000"]
[PlyCount "82"]
[EventDate "2025.05.11"]
[EventType "swiss"]
[EventRounds "9"]
[EventCountry "SVK"]
[SourceTitle "CB21_2025"]
[SourceDate "2025.05.21"]
[SourceVersion "1"]
[SourceVersionDate "2025.05.21"]
[SourceQuality "1"]

1. e4 c5 2. Nf3 Nc6 3. Nc3 g6 4. d4 cxd4 5. Nxd4 Bg7 6. Be3 Nf6 7. Qf3 0-0 8. 0-0-0 d6 9. h3 a6 10. Nxc6 bxc6 11. e5 Ne8 12. exd6 Nxd6 13. Bc5 Bb7 14. Ne4 Be5 15. Qb3 Qb8 16. Nxd6 exd6 17. Ba3 c5 18. Rg1 Qc7 19. Kb1 Rab8 20. Qa4 a5 21. Be2 Rfe8 22. Bf3 Bd4 23. Rd2 Bxf3 24. gxf3 Qb6 25. c3 Bxc3 26. Rc2 Bb4 27. Bxb4 axb4 28. b3 Red8 29. Rd1 Ra8 30. Qxa8 Rxa8 31. Rcd2 Rd8 32. Kc2 Qc6 33. Rd3 d5 34. f4 c4 35. bxc4 Qxc4+ 36. Kb2 Qxf4 37. Rxd5 Rxd5 38. Rxd5 Qxf2+ 39. Kb1 Qf3 40. Rd8+ Kg7 41. h4 Qf6 0-1